00659nam a2200169Ia 4500008004100000082001400041100001900055245003400074250000900108260003000117300001000147650002100157942001200178952014200190952014200332999001500474150201s2012 xx 000 0 und d a610bH12G aGLYNN, MICHAEL aHUTCHISON, S CLINICAL METHODS a23RD bSAUNDERSaEDINBURGHc2012 a1-472 aGENERAL MEDICINE 2ddccBK 00102ddc40718MEDICALaFMbFMcREFd2014-06-07eABC DELHIg12.49iSGTUl0o610 H12GpFM6202r2015-02-09 00:00:00w2014-07-22yBKk4670 00102ddc40718MEDICALaFMbFMcREFd2014-06-07eABC DELHIg12.49iSGTUl0o610 H12GpFM6203r2015-02-09 00:00:00w2014-07-22yBKk4670 c1833d1833